| 000 | 01116nam0a22002651 4500 | ||
|---|---|---|---|
| 001 | 2565040 | ||
| 005 | 20260407114008.0 | ||
| 035 | _a(NLR Aleph) 006438928 | ||
| 090 |
_a5622941 _c5622941 |
||
| 100 | _a20110316d1979 u y0rusy50 ca | ||
| 101 | 0 | _arus | |
| 102 | _aRU | ||
| 105 | _aa z ||||| | ||
| 200 | 1 |
_aТиповые проекты организации рабочих мест рабочих сталеплавильного производства _fВНИИ орг. пр-ва и труда чер. металлургии |
|
| 210 |
_aХарьков _cВНИИОчермет _d1979 |
||
| 215 |
_a250 с. _cил. _d21 |
||
| 606 |
_aСталеплавильное производство _xОрганизация рабочего места _2psbo |
||
| 686 |
_aК327-67я65 _2rubbk |
||
| 712 | 0 | 2 |
_aВНИИ организации производства и труда черной металлургии _cХарьков _9633692 _3RU\NLR\AUTH\8810066035 |
| 801 | 0 |
_aRU _bNLR _gpsbo |
|
| 801 | 1 |
_aRU _bELAR _2rusmarc |
|
| 852 |
_aNLR _jDesideratum |
||
| 899 |
_aRuMoRGB _jM 80-2/516 |
||
| 942 | _cBOOK | ||
| 980 | _aNB | ||